00325pab a2200133 454500008004000000100002600040245002900066260000900095300001400104362001000118650001100128650001800139773003400157180718b2004 xxu||||| |||| 00| 0 eng d aRoyChowdhury, Supriya aGlobalisation and labour c2004 ap.105-08. a3 Jan aLabour aGlobalization aEconomic and Political Weekly